000 00668nam a2200217 a 4500
001 BRCA_1928
005 20190320203615.0
008 960429s1995 mx-a---##b---#000-0#spa-d
020 _a9688425370
040 _aDLC
_cDLC
050 4 _aCR13
_b.W43 1995
100 1 _aWeckmann, Luis
_95943
245 1 0 _aGlosario de términos heráldicos
_cLuis Weckmann ; dibujos heráldicos por Jaime Sánchez del Villar.
260 _aMéxico
_bMiguel Ángel Porrúa
_c1995
300 _a358 p.
_bil.
_c21 cm.
504 _aBibliografía : p. 353-358
650 1 4 _aHeráldica
_xTerminología
_95944
700 1 _aSánchez del Villar, Jaime
_95945
902 _aREF
942 _2lcc
_cB
999 _c1700
_d1700